000 00678nam a2200241Ia 4500
003 OSt
005 20221007063446.0
006 a|||||r|||| 00| 0
007 ta
008 221006b |||||||| |||| 00| 0 eng d
024 _a26,841
037 _cTextual
040 _aFLL
_cFLL
_beng
041 _2eng
_aeng
082 _aX:8:Z73, K5;1
100 _aConard Alfred F.
_9684316
245 0 _aCases and materials on the law of business organization
250 _a3rd
260 _aBrooklyn
_bThe Foundation Press, Inc. Brooklyn
_c1965
300 _axxxix,1-729p
_ccm.
942 _hX:8:Z73, K5;1
_cTEXL
_2CC
999 _c1131312
_d1131312